Manual de climatología aplicada: clima, medio ambiente y planificación

Uloženo v:
Podrobná bibliografie
Hlavní autor: Fernández García, Felipe (Autor)
Médium: Kniha
Jazyk:španělština
Vydáno: Madrid Síntesis 1996
Edice:Colección Espacios y Sociedades. Serie Mayor, 2
Témata:
Tagy: Přidat tag
Žádné tagy, Buďte první, kdo vytvoří štítek k tomuto záznamu!

MARC

LEADER 00000cam a2200000 a 4500
001 UCO4416
003 CL-VaPUC
008 000804e19960000SP |||||||||||||||||spa|d
082 0 4 |a 551.6  |b FER  |2 21 
100 0 |a Fernández García, Felipe  |e author  |9 448910 
245 1 0 |a Manual de climatología aplicada: clima, medio ambiente y planificación 
300 |a 285 p 
942 |c BK 
945 |d 20000804 00:00:00  |a vberengu 
260 |a Madrid  |b Síntesis  |c 1996 
650 7 |a BIOCLIMATOLOGIA  |2 CL-VaPUC  |9 261834 
650 0 |a Climatología   |9 262302 
650 0 |a Condiciones atmosféricas   |9 340107 
650 0 |a Contaminación atmosférica  |9 262775 
650 0 |a Medio ambiente  |9 257625 
650 7 |a METEOROLOGIA  |2 CL-VaPUC  |9 260030 
583 |a last modification  |c 20130311 10:33:17  |k Rodrigo Vera 
490 0 |a Colección Espacios y Sociedades. Serie Mayor, 2 
999 |c 290459  |d 290457 
952 |0 0  |1 0  |4 0  |6 551_600000000000000_FER_1996  |7 0  |8 A  |9 339897  |a BIBING  |b BIBING  |d 2019-11-20  |i 3638294  |o 551.6 FER 1996  |p 3638294  |r 2025-01-20  |w 2019-11-20  |y BK  |k GEO 
952 |0 0  |1 0  |4 0  |6 551_600000000000000_FER_1996  |7 0  |8 A  |9 339898  |a BIBING  |b BIBING  |d 2019-11-20  |i 4429141  |o 551.6 FER 1996  |p 4429141  |r 2025-01-20  |w 2019-11-20  |y BK  |k GEO 
952 |0 0  |1 0  |4 0  |6 551_600000000000000_FER_1996  |7 0  |8 A  |9 339899  |a BIBING  |b BIBING  |d 2019-11-20  |i 4954645  |o 551.6 FER 1996  |p 4954645  |r 2025-01-20  |w 2019-11-20  |y BK  |k GEO